Science Quiz

Random Science or Biology Quiz

Scientists Venn Diagram Quiz Stats

 Plays Quiz not verified by Sporcle

Score 0/8 Timer 03:00
0 Plays Today
% Correct
Max Planck
76.1%
Guglielmo Marconi
72.2%
Niels Bohr
68.8%
Galileo Galilei
65.7%
Marie Curie
65.4%
Lise Meitner
60.9%
Dmitri Mendeleev
58.1%
Dian Fossey
54.1%

You're not logged in!

Compare scores with friends on all Sporcle quizzes.
OR
Log In

Show Comments

Extras

Top Quizzes Today


Score Distribution

Your Account Isn't Verified!

In order to create a playlist on Sporcle, you need to verify the email address you used during registration. Go to your Sporcle Settings to finish the process.

Report this User

Report this user for behavior that violates our Community Guidelines.

Details: